• 首页
  • 本馆介绍
  • 公告通知
  • 最新文献
  • 馆藏检索
  • 电子资源
  • 读者导购
  • 参考咨询
  • 我的图书馆
  • 登录
  • 详细信息显示
  • 放入我的书架
  • 预约/预借图书
  • 作者相关作品
  • 分类相关作品
  • 丛书相关作品
  • 出版社相关作品

书目信息

  • 表格格式
  • 工作单格式
  • 卡片格式
题名:
社区社会组织发展模式研究
    
 
作者: 夏建中 , 克拉克 著
分册:  
出版信息: 北京   中国社会出版社  2011
页数: 324页
开本: 23cm
丛书名:
单 册:
中图分类: D583
科图分类:
主题词: 社区--社会组织管理--研究--世界 , 社区 , 社会组织管理
电子资源:
ISBN: 978-7-5087-3610-5
000 01528nam0 22002891 450
001 523
005 20140905100111.25
010    @a978-7-5087-3610-5@dCNY42.00
100    @a20111027d2011 em y0chiy50 ea
101 0  @achi
102    @aCN@b110000
105    @ay z 000yy
106    @ar
200 1  @a社区社会组织发展模式研究@AShe Qu She Hui Zu Zhi Fa Zhan Mo Shi Yan Jiu@e中国与全球经验分析@EZhong Guo Yu Quan Qiu Jing Yan Fen Xi@dOn the development of community social organizations@eexperiences from China and abroad@f夏建中,(美)特里·N. 克拉克等著@FXia Jian Zhong, ( Mei ) Te Li· N. Ke La Ke Deng Zhu@zeng
210    @a北京@c中国社会出版社@d2011
215    @a324页@d23cm
330    @a本书采用理论与经验调查相结合、问题与对策相结合、国内与国外研究成果相结合的方式,在案例研究的基础上,考察和研究了社区社会组织的发展模式与主要特点;分析了社区社会组织的发展背景与主要原因,社区社会组织的主要类型、组织结构、经费来源、主要活动等以及社区社会组织发展的模式特点、主要经验和面临的主要问题,针对性解决社区社会组织面临的主要问题提出了相关对策。
510 1  @aOn the development of community social organizations@eexperiences from China and abroad@zeng
517 1  @a中国与全球经验分析@AZhong Guo Yu Quan Qiu Jing Yan Fen Xi
606 0  @a社区@x社会组织管理@x研究@y世界
606 0  @a社区
606 0  @a社会组织管理
690    @aD583@v5
701  0 @a夏建中@AXia Jian Zhong@f(1952~)@4著
701  0 @c(美)@a克拉克@AKe La Ke@c(Clark, Terry N.)@4著
801  0 @aCN@bTANGWEI@c20140603
905    @b0837171-73@dD583@e197@f3
    
    社区社会组织发展模式研究:中国与全球经验分析=On the development of community social organizations:experiences from China and abroad/夏建中,(美)特里·N. 克拉克等著.-北京:中国社会出版社,2011
    324页;23cm
    
    
    ISBN 978-7-5087-3610-5:CNY42.00
    本书采用理论与经验调查相结合、问题与对策相结合、国内与国外研究成果相结合的方式,在案例研究的基础上,考察和研究了社区社会组织的发展模式与主要特点;分析了社区社会组织的发展背景与主要原因,社区社会组织的主要类型、组织结构、经费来源、主要活动等以及社区社会组织发展的模式特点、主要经验和面临的主要问题,针对性解决社区社会组织面临的主要问题提出了相关对策。
●
相关链接 在E读中查询图书 在五车中查询图书 在当当中查询图书 在豆瓣中查询图书


正题名:社区社会组织发展模式研究     索取号:D583/197         预约/预借

序号 登录号 条形码 馆藏地/架位号 状态 备注
1 0837171   208371714   第一样本阅览室/ [索取号:D583/197] 在馆    
2 0837172   208371723   第一借阅区/ [索取号:D583/197] 在馆    
3 0837173   208371732   第一借阅区/ [索取号:D583/197] 在馆    
唐山师范学院图书馆 欢迎您!
大连网信软件有限公司© 版权所有